Conquer Humanity by Guessing Countries 🌎 - Statistics

General Stats
  • This quiz has been taken 63,121 times
  • The average score is 107 of 212
Answers on the Map
Answers color-coded by a green-red scale on the quiz's map according to % correct below.
 
Answer Stats
Rank Power Country % Correct
#1-3 +12 United States | Russia | China
97%
#7-9 +9 France | United Kingdom | Brazil
95%
#19-21 +8 Australia | Israel | Canada
89%
#13-15 +9 Egypt | Iran | Germany
84%
#4-6 +10 India | Japan | South Korea
76%
#46-48 +6 Mexico | Peru | Philippines
76%
#16-18 +8 Indonesia | Saudi Arabia | Spain
75%
#31-33 +7 Sweden | South Africa | Norway
70%
#10-12 +9 Pakistan | Turkey | Italy
63%
#40-42 +6 Singapore | Romania | Argentina
61%
#25-27 +8 Ukraine | Thailand | Algeria
58%
#79-81 +3 Sri Lanka | Bolivia | Democratic Republic of the Congo
55%
#61-63 +4 Serbia | Kazakhstan | Croatia
45%
#100-102 +3 Armenia | Mongolia | Uruguay
44%
#22-24 +8 Taiwan | Poland | Vietnam
44%
#103-105 +2 Bahrain | Niger | Mali
42%
#49-51 +5 Chile | Belarus | Uzbekistan
41%
#55-57 +5 Hungary | Finland | Iraq
40%
#52-54 +5 Portugal | Morocco | Denmark
40%
#37-39 +6 Netherlands | Myanmar | Colombia
38%
#124-126 +2 Republic of the Congo | Madagascar | Mauritania
37%
#34-36 +6 Czech Republic | Nigeria | United Arab Emirates
35%
#76-78 +3 Cuba | Sudan | Yemen
34%
#70-72 +4 Libya | Kuwait | Oman
34%
#28-30 +7 North Korea | Greece | Switzerland
30%
#130-132 +1 Panama | Central African Republic | Gabon
26%
#82-84 +3 Qatar | Kenya | New Zealand
26%
#88-90 +3 Slovenia | Uganda | Chad
26%
#43-45 +6 Venezuela | Malaysia | Bangladesh
25%
#58-60 +5 Slovakia | Austria | Ethiopia
23%
#109-111 +2 Estonia | South Sudan | Paraguay
22%
#73-75 +3 Tunisia | Jordan | Afghanistan
19%
#67-69 +4 Bulgaria | Belgium | Ecuador
18%
#97-99 +3 Latvia | Ireland | Tajikistan
17%
#64-66 +4 Azerbaijan | Syria | Angola
16%
#121-123 +2 Bosnia and Herzegovina | Dominican Republic | Montenegro
16%
#94-96 +3 Cambodia | Guatemala | Ghana
16%
#118-120 +2 Laos | Nepal | Nicaragua
16%
#112-114 +2 Tanzania | Albania | Honduras
14%
#127-129 +2 Namibia | El Salvador | Burkina Faso
13%
#85-87 +3 Lithuania | Turkmenistan | Zambia
11%
#106-108 +2 Botswana | Moldova | Cameroon
10%
#136-138 +1 Sierra Leone | Somalia | Liberia
9%
#91-93 +3 Zimbabwe | Georgia | Kyrgyzstan
7%
#115-117 +2 Ivory Coast | Lebanon | Mozambique
6%
#133-135 +1 North Macedonia | Eritrea | Suriname
6%
No matching quizzes found
Score Distribution
Percent of People with Each Score
Percentile by Number Answered
Your Score History
You have not taken this quiz